000 00810nam a2200253Ia 4500
003 OSt
005 20220923214901.0
006 a|||||r|||| 00| 0
007 ta
008 220922b |||||||| |||| 00| 0 hin d
024 _a173,507
037 _cTextual
040 _aARTS
_cARTS
_bhin
041 _2hin
_ahin
082 _aO152,6x N5, K4
100 _aवार्ष्णेय, लक्ष्मीसागर, संपा.
245 0 _aनिबन्ध - नवीनत
246 _aNibandha - navīnata
250 _aसंस्क0 4
260 _c1964
650 _aहिन्दी साहित्य
_9156264
942 _hO152,6x N5, K4
_cTEXL
_2CC
999 _c327398
_d327398